Alternativas, educacion ambiental : (Record no. 99674)

MARC details
000 -CABECERA
campo de control de longitud fija 00686nam a2200193 a 4500
005 - FECHA Y HORA DE LA ÚLTIMA TRANSACCIÓN
campo de control 20240919064538.0
008 - ELEMENTOS DE LONGITUD FIJA--INFORMACIÓN GENERAL
campo de control de longitud fija 030805s1997 mx r 000 0 spa d
020 ## - NÚMERO INTERNACIONAL NORMALIZADO PARA LIBROS
Número Internacional Estándar del Libro 9706132635
035 ## - NÚMERO DE CONTROL DEL SISTEMA
Número de control de sistema UPN01000127495
049 ## - COLECCIÓN
Colección LT
050 #4 - SIGNATURA TOPOGRÁFICA DE LA BIBLIOTECA DEL CONGRESO
Número de clasificación LB1647 M6.3
Número de documento/Ítem L5.3
100 1# - ASIENTO PRINCIPAL--NOMBRE PERSONAL
Nombre de persona Limón Aguirre Berlanga, Eduardo
245 10 - MENCIÓN DE TÍTULO
Título Alternativas, educacion ambiental :
Resto del título educación secundaria, tercer grado /
Mención de responsabilidad, etc. Eduardo Limón Aguirre Berlanga, Gloria Olimpia Castillo Blanco.
260 ## - PUBLICACIÓN, DISTRIBUCIÓN, ETC.
Lugar de publicación, distribución, etc. México :
Nombre del editor, distribuidor, etc. Oxford University Press-Harla,
Fecha de publicación, distribución, etc. 1997.
300 ## - DESCRIPCIÓN FÍSICA
Extensión 164 p.
Otras características físicas il. col.
650 #4 - ASIENTO SECUNDARIO DE MATERIA - TERMINO TEMATICO
Término de materia o nombre geográfico como elemento de entrada Educación ambiental
9 (RLIN) 4338
650 #4 - ASIENTO SECUNDARIO DE MATERIA - TERMINO TEMATICO
Término de materia o nombre geográfico como elemento de entrada ECOLOGIA -
Subdivisión general ESTUDIO Y ENSEÑANZA (SECUNDARIA)
9 (RLIN) 16552
905 ## - TIPO DE MATERIAL
Tipo de material Libro
Holdings
Estado de retiro Estado de pérdida Fuente del sistema de clasificación o colocación Estado dañado No para préstamo Código de colección Localización permanente Ubicación/localización actual Ubicación en estantería Fecha de adquisición Clasificación Código de barras Fecha visto por última vez Número de copia Tipo de ítem Koha
    Library of Congress Classification   Disponible (Préstamo en sala) Libros de texto Bib. Gregorio Torres Quintero Bib. Gregorio Torres Quintero Colecciones especiales Planta alta 25/05/2023 LB1647 M6.3 L5.3 191464 31/12/2020 1 Libro